<The> Strategic Middle Manager How to Create and Sustain Competitive Advantage

Saved in:
Bibliographic Details
Main Author: Floyd, Steven W.
Other Authors: Wooldridge, Bill
Format: Book
Language:English
Published: San Francisco Jossey-Bass Publ. 1996
Edition:1. ed.
Subjects:
Tags: Add Tag
No Tags, Be the first to tag this record!

MARC

LEADER 00000nam a2200000 4500
001 c020067
005 20221205125650.3
020 |a 0-7879-0208-X 
041 0 |a eng 
044 |a US 
245 1 0 |a <The> Strategic Middle Manager  |b How to Create and Sustain Competitive Advantage  |c Steven W. Floyd, Bill Wooldridge 
250 |a 1. ed. 
264 1 |a San Francisco  |b Jossey-Bass Publ.  |c 1996 
300 |a 167 s. 
610 2 0 |a manažéri 
610 2 0 |a plánovanie strategické 
610 2 0 |a výhody konkurenčné 
610 2 0 |a organizácia riadenia 
100 1 |a Floyd, Steven W. 
700 1 |a Wooldridge, Bill